Sport, de A à Z - Statistiques

Statistiques générales
  • Ce quiz a été pris 177 fois
  • Le résultat moyen est 20 sur 26
Statistiques - réponses
Indices Réponses % Correct
Dans ce sport, les deux adversaires s'affrontent équipés de leurs fleurets Escrime
91%
Célèbre écurie de sports automobiles qui compta parmi ses pilotes Raikonnen, Leclerc ou Schumacher Ferrari
91%
Sport voyant s'opposer deux équipes dont les joueurs sont montés sur des patins et équipés de crosses Hockey sur glace
88%
Birdie, eagle, par, bogey, sont des termes relatifs à ce sport Golf
87%
Jeu de boules français particulièrement associé à la région Provençale Pétanque
87%
Compétition multisports mondiale pouvant être d'été ou d'hiver Jeux olympiques
86%
Footballeur français considéré comme l'un des meilleurs, désormais entraîneur Zinedine Zidane
86%
Discipline constituée de 3 épreuves d'endurance consécutives Triathlon
85%
Sprinteur jamaïcain considéré comme l'homme le plus rapide du monde Usain Bolt
85%
Sport de lutte japonais caractérisé par le gabarit des combattants Sumo
84%
Projectile constitué d'une tête et d'un empennage utilisé notamment au badminton Volant
84%
Art martial duquel est issu la technique Mawashi-geri Karaté
83%
Sébastien Loeb est un grand spécialiste de cette discipline automobile Rallye
83%
Pilote de formule 1 brésilien ayant tragiquement perdu la vie lors du Grand Prix de Saint Marin Ayrton Senna
81%
Discipline sportive aquatique dont chaque match se décompose de 4 périodes de 8 minutes Water polo
81%
Sport qui puise ses racines dans le cricket, particulièrement populaire aux Etats Unis et en Asie Orientale Base ball
79%
Peut être sauté en équitation Obstacle
79%
Tennisman français ayant remporté Rolland Garros en simple messieurs en 1983 Yannick Noah
79%
Equipe de la NBA au sein de laquelle ont évolué Jordan, Pippen ou Rodman Chicago Bulls
77%
Judoka français né en 1969 à Rouen, a exercé en tant que député David Douillet
71%
Boxeur, deux fois champions des poids lourds WBA et WBC, dont l'oreille d'Holeyfield garde un souvenir amer Mike Tyson
68%
Le hurling, plus vieux jeu sur terrain d'Europe, est originaire de ce pays Irlande
67%
Association d'équipes professionnelles de football américain NFL
67%
Bien que ce sport soit issu d'un univers magique fictif, il fait aujourd'hui l'objet de véritables compétitions Quidditch
66%
Nom souvent utilisé pour désigner l'équipe de France de Rugby XV
65%
Marteau, poids, disque, javelot peuvent l'être Lancés
48%
Aucun quiz correspondant
Distribution des résultats
% des personnes avec chaque résultat
Percentile par nombre de réponses
Votre historique - résultats
Vous n’avez pas pris ce quiz